000 00298nam a22001337a 4500
008 171204b xxu||||| |||| 00| 0 eng d
020 _a9789700733838
041 _aeng
080 _a94
100 _a17
101 _aHIS
245 _aHISTORIA ANTIGUA DE MEXICO
_cCLAVIJERO,F.J
942 _2udc
_cBK
999 _c38778
_d38778